10 Bevölkerungsreichste Länder von 1960-2050 - Statistiken

Allgemein
  • Dieses Quiz wurde 180 mal gespielt
  • Das Durchschnittsergebnis liegt bei 88 aus 100
Antwortstatistiken
Einwohner 1960 % Korrekt
1171 Mio | 1287 Mio | 1399 Mio | +6 others China
99%
1365 Mio China
99%
1047 Mio | 1227 Mio | 1374 Mio | +7 others Indien
99%
185 Mio | 209 Mio | 228 Mio | +7 others Vereinigte Staaten
98%
119 Mio | 130 Mio | 138 Mio | +4 others Russland
96%
148 Mio | 174 Mio | 195 Mio | +5 others Brasilien
95%
78 Mio | 79 Mio Deutschland
94%
73 Mio Deutschland
94%
104 Mio | 117 Mio | 124 Mio | +3 others Japan
92%
121 Mio | 156 Mio | 203 Mio | +4 others Nigeria
88%
128 Mio Mexiko
86%
113 Mio | 146 Mio | 180 Mio | +7 others Indonesien
85%
106 Mio | 141 Mio | 177 Mio | +6 others Pakistan
81%
52 Mio Vereinigtes Königreich
78%
102 Mio | 127 Mio | 147 Mio | +6 others Bangladesch
71%
119 Mio Brasilien
71%
154 Mio | 196 Mio D. R. Kongo
68%
50 Mio Italien
63%
143 Mio | 174 Mio | 207 Mio Äthiopien
49%
Keine übereinstimmenden Quizze gefunden
Verteilung der Resultate
Anzahl Personen mit jedem Resultat
Perzentil nach korrekt beantworteten Fragen
Ihre Resultats-Entwicklung
Sie haben dieses Quiz noch nicht gespielt